LEADER 01007nam a2200229 4500 001 000000367107 003 CaOOAMICUS 005 20260402105838.0 008 260402s1904 it 000 u ita r 040 $aSeMil$bita 100 1 $aRiva, Giuseppe$b.$0(OLS)http://semarc/name/89791 245 10$aManuale di Filotea /$cdel Sacerdote Milanese Giuseppe Riva. 250 $a38. edizione pubblicata in pieno accordo con gli eredi dell'autore 264 1$aBergamo :$bIstituto Italiano d'Arti Grafiche,$c1904. 300 $aVIII, 1046 p. ;$c15 cm 650 4$aCristianesimo - Libri di preghiere e devozione italiani.$0(OLS)http://semarc/subject/1222 850 $aSeMil 852 $aSeMil$W1$xVenegono$y1$B257836$CSeMilBibl$Z2$F257836 $81 961 $aPagani don Isacco - Omaggio 996 $6245$aManuale di Filotea$9(OLS)http://semarc/title/63029 996 $6264$aBergamo :$bIstituto Italiano d'Arti Grafiche$9(OLS)http://semarc/publisher/29676